[Event "Mont de Marsan op 6th"]
[Site "Mont de Marsan"]
[Date "2006.12.29"]
[Round "8"]
[White "Birebent, Guy"]
[Black "Pujol, Alix"]
[Result "1-0"]
[WhiteElo "1824"]
[BlackElo "1460"]
[PlyCount "133"]
[EventDate "2006.12.26"]
[EventType "swiss"]
[EventRounds "9"]
[EventCountry "FRA"]
[SourceTitle "CBM 116 Extra"]
[Source "ChessBase"]
[SourceDate "2007.03.07"]
[SourceVersion "1"]
[SourceVersionDate "2007.03.07"]
[SourceQuality "1"]

1. e4 g6 2. e5 Bg7 3. f4 e6 4. Nf3 Ne7 5. d4 b6 6. Bd3 Bb7 7. 0-0 d6 8. c3 Nd7 9. Be3 0-0 10. Nbd2 Bh6 11. Be4 Bxe4 12. Nxe4 Nd5 13. Qd2 Qe7 14. g3 dxe5 15. dxe5 Rad8 16. Qe2 a6 17. Bd2 Nc5 18. Nxc5 Qxc5+ 19. Kg2 b5 20. Rad1 c6 21. Nd4 Rd7 22. Be3 Nxe3+ 23. Qxe3 Rfd8 24. Nc2 Bf8 25. Qe2 Qc4 26. Qxc4 bxc4 27. Rxd7 Rxd7 28. Rf2 Bc5 29. Re2 Rd1 30. Ne1 Kf8 31. Nf3 Ke7 32. a3 Kd7 33. Rd2+ Rxd2+ 34. Nxd2 Be3 35. Nxc4 Bc5 36. Kf3 Kc7 37. h3 Kd7 38. a4 Kc7 39. b3 Kd7 40. Nd2 Kc7 41. g4 Kd7 42. Ne4 Be7 43. Ke3 h6 44. Kd4 Kc7 45. c4 Kd7 46. c5 Ke8 47. Kc4 Bd8 48. b4 Kd7 49. Nd6 Ke7 50. f5 g5 51. f6+ Kf8 52. Nc8 Ke8 53. b5 axb5+ 54. axb5 cxb5+ 55. Kxb5 Bc7 56. Nd6+ Bxd6 57. cxd6 Kd7 58. Kc4 Kc6 59. Kd3 Kd7 60. Ke3 Ke8 61. Kd4 Kd7 62. Kc5 Kd8 63. Kc6 Kc8 64. d7+ Kd8 65. Kd6 h5 66. gxh5 g4 67. h6 1-0

[Event "Mont de Marsan op 6th"]
[Site "Mont de Marsan"]
[Date "2006.12.29"]
[Round "7"]
[White "Pujol, Alix"]
[Black "Lutz, Andre"]
[Result "1-0"]
[WhiteElo "1460"]
[BlackElo "1310"]
[PlyCount "83"]
[EventDate "2006.12.26"]
[EventType "swiss"]
[EventRounds "9"]
[EventCountry "FRA"]
[SourceTitle "CBM 116 Extra"]
[Source "ChessBase"]
[SourceDate "2007.03.07"]
[SourceVersion "1"]
[SourceVersionDate "2007.03.07"]
[SourceQuality "1"]

1. c4 c5 2. g3 e5 3. Bg2 Nc6 4. Nc3 Nf6 5. d3 Be7 6. Nf3 d5 7. cxd5 Nxd5 8. Bd2 Nxc3 9. Bxc3 Bf6 10. 0-0 Nd4 11. e3 Nxf3+ 12. Bxf3 0-0 13. Qc2 g6 14. Rac1 Rb8 15. Rfd1 Qe7 16. d4 Bf5 17. Qa4 e4 18. Be2 Bd7 19. Qxa7 b5 20. Qxc5 Qxc5 21. dxc5 Bxc3 22. Rxc3 Be6 23. a3 h5 24. b4 Bg4 25. Bxg4 hxg4 26. Rd4 f5 27. Rd6 Kg7 28. Rb6 Rbc8 29. Rxb5 Rcd8 30. a4 Rd3 31. Rxd3 exd3 32. Rb7+ Kf6 33. Rd7 Rg8 34. a5 Rb8 35. c6 Ke6 36. a6 Rc8 37. b5 Rb8 38. a7 Rxb5 39. a8Q Rb1+ 40. Kg2 Rd1 41. Qe8+ Kf6 42. Qe7# 1-0